Smart Building Design /

Salvato in:
Dettagli Bibliografici
Autore principale: Spitz, JürgenDIAL (autor)
Natura: Libro
Lingua:inglese
Pubblicazione: Berlín, Alemania : De Gruyter Brill, 2019, c2019
Accesso online:Ver documento en línea
Tags: Aggiungi Tag
Nessun Tag, puoi essere il primo ad aggiungerne!!

MARC

LEADER 00000nam^a22000000a04500
001 000631198
005 20260416000000.0
009 20260416155726.254
020 |a 9783035616330 
037 |a Acervo ITESO - Biblioteca 
041 |a ING 
082 |a Libro en línea 
100 |a Spitz, JürgenDIAL  |e (autor) 
245 1 0 |a Smart Building Design / 
264 4 |a Berlín, Alemania :  |b De Gruyter Brill,  |c 2019, c2019 
264 2 |a Berlín, Alemania :  |b De Gruyter Brill [distribución],  |c 2026 
300 |a 1 libro electrónico en línea ( p.) 
300 |a 1 recurso en línea 
336 |a datos para computadora  |b cod  |2 rdacontenido 
337 |a computadora  |b c  |2 rdamedio 
338 |a recurso en línea  |b cr  |2 rdasoporte 
506 0 |a Licencias ilimitadas 
521 |a De Gruyter Brill 2026 EEnlace Departamento del Hábitat y Desarrollo Urbano 
567 |a Catalogación rápida 
649 |a XX 
856 4 0 |u https://ezproxy.iteso.mx/login?url=https://www.degruyter.com/isbn/9783035616330  |y Ver documento en línea 
910 |a Fondo General 
920 |a Electrónicos - Libros en Línea 
930 |a Plataforma Digital 
905 |a 205 
902 |a https://opac.biblio.iteso.mx/vufind/Record/000631198